5HLuxD.jpg

KING HENRY VIII SENIOR AND PRIMARY SCHOOL LIBRARY OPAC

Five nights at Freddy's : (Record no. 5205)

000 -LEADER
fixed length control field 02180nam a2200397 i 4500
003 - CONTROL NUMBER IDENTIFIER
control field OCoLC
005 - DATE AND TIME OF LATEST TRANSACTION
control field 20250825135309.0
008 - FIXED-LENGTH DATA ELEMENTS--GENERAL INFORMATION
fixed length control field 250506s2025 nyua d 6 000 1 eng d
020 ## - INTERNATIONAL STANDARD BOOK NUMBER
International Standard Book Number 9781546128434
040 ## - CATALOGING SOURCE
Original cataloging agency CHILD
Language of cataloging eng
Description conventions rda
Transcribing agency CHILD
Modifying agency OCLCO
-- OQX
-- LNC
-- CaBVa
-- CaOL
-- KH8
082 ## - DEWEY DECIMAL CLASSIFICATION NUMBER
Classification number FIC CAW
100 1# - MAIN ENTRY--PERSONAL NAME
Personal name Cawthon, Scott,
Dates associated with a name 1971-
Relator term author.
245 10 - TITLE STATEMENT
Title Five nights at Freddy's :
Remainder of title Tales from the pizzaplex /
Number of part/section of a work Vol. 1 /
Statement of responsibility, etc. by Scott Cawthon and Andrea Waggener ; adapted by Christopher Hastings ; letters by Taylor Esposito.
250 ## - EDITION STATEMENT
Edition statement First edition.
264 #1 - PRODUCTION, PUBLICATION, DISTRIBUTION, MANUFACTURE, AND COPYRIGHT NOTICE
Place of production, publication, distribution, manufacture New York, NY :
Name of producer, publisher, distributor, manufacturer Graphix,
Date of production, publication, distribution, manufacture, or copyright notice 2025.
300 ## - PHYSICAL DESCRIPTION
Extent 192 pages :
Other physical details chiefly colour illustrations.
Dimensions 23 cm.
336 ## - CONTENT TYPE
Content type term text
Content type code txt
Source rdacontent.
336 ## - CONTENT TYPE
Content type term still image
Content type code sti
Source rdacontent.
337 ## - MEDIA TYPE
Media type term unmediated
Media type code n
Source rdamedia.
338 ## - CARRIER TYPE
Carrier type term volume
Carrier type code nc
Source rdacarrier.
520 ## - SUMMARY, ETC.
Summary, etc. Have you ever ignored your conscience and done something you really knew you shouldn't...? Maya can't resist the temptation to explore an under construction section of Freddy Fazbear's Mega Pizzaplex... Aiden and Jace decide to scare some young kids in the Tube Maze of the Pizzaplex... and Fazbear technician Grady doesn't listen to the voice in his head telling him to stay away from small, cramped places when doing his safety checks... In this volume, three stories from the Publishers Weekly bestselling series Five Nights at Freddy's: Tales from the Pizzaplex come to life in delightfully horrifying comics. Readers beware: This collection of terrifying tales is enough to unsettle even the most hardened Five Nights at Freddy's fans...
650 #0 - SUBJECT ADDED ENTRY--TOPICAL TERM
Topical term or geographic name entry element Robots
Form subdivision Fiction.
650 #0 - SUBJECT ADDED ENTRY--TOPICAL TERM
Topical term or geographic name entry element Puppets
Form subdivision Fiction.
650 #0 - SUBJECT ADDED ENTRY--TOPICAL TERM
Topical term or geographic name entry element Pizzerias
Form subdivision Fiction.
650 #0 - SUBJECT ADDED ENTRY--TOPICAL TERM
Topical term or geographic name entry element Survival
Form subdivision Fiction.
650 #7 - SUBJECT ADDED ENTRY--TOPICAL TERM
Topical term or geographic name entry element Horror comics.
Source of heading or term genre.
650 #7 - SUBJECT ADDED ENTRY--TOPICAL TERM
Topical term or geographic name entry element Comics adaptations.
Source of heading or term genre.
650 #7 - SUBJECT ADDED ENTRY--TOPICAL TERM
Topical term or geographic name entry element Graphic novels.
Source of heading or term genre.
700 1# - ADDED ENTRY--PERSONAL NAME
Personal name Waggener, Andrea Rains,
Dates associated with a name 1960-
Relator term author.
700 1# - ADDED ENTRY--PERSONAL NAME
Personal name Hastings, Chris,
Dates associated with a name 1983-
Relator term adapter.
700 1# - ADDED ENTRY--PERSONAL NAME
Personal name Pamintuan, Macky,
Relator term illustrator.
700 1# - ADDED ENTRY--PERSONAL NAME
Personal name MacPherson, Coryn,
Relator term illustrator.
700 1# - ADDED ENTRY--PERSONAL NAME
Personal name Camero, Diana,
Relator term illustrator.
730 0# - ADDED ENTRY--UNIFORM TITLE
Relationship information Based on:
Title of a work Five Nights at Freddy's (Video game)
942 ## - ADDED ENTRY ELEMENTS (KOHA)
Source of classification or shelving scheme
Koha item type Graphic Novel
Holdings
Withdrawn status Lost status Source of classification or shelving scheme Damaged status Not for loan Collection code Permanent Location Current Location Shelving location Date acquired Total Checkouts Full call number Barcode Date last seen Date last checked out Price effective from Koha item type
          Fiction KH8 Senior School Library KH8 Senior School Library Graphic Novel 2025-08-25 2 FIC CAW 3KHSL000102330 2026-01-27 2026-01-21 2025-08-25 Graphic Novel

Powered By KH8 IT Dept